Technos.

Bibliographic Details
Corporate Author: American Society for Engineering Education
Format: Journal
Language:English
Published: [Fort Collins, Colo.] : [International Division, American Society for Engineering Education]
Subjects:
Online Availability: Check for online availability

MARC

Tag First Indicator Second Indicator Subfields
LEADER 00000cas a2200000 4500
001 in00000068199
005 20151008051348.0
008 751019d19721979couqr1p 0uuua0eng u
010 |a sc 76000353  
012 |a 2  |e n  |z n 
022 |a 0363-308X 
035 |a (OCoLC)01714003 
035 |9 AAG7398AM 
037 |b (Colorado State University, Civil Engineering Dept.) 80523 
040 |c MUL  |d COO  |d NSD  |d DLC  |d TXA  |d UtOrBLW 
042 |a nsdp  |a lc 
049 |a TXAE 
090 |a T14.5  |b .T4 
222 0 |a Technos 
245 0 0 |a Technos. 
264 1 |a [Fort Collins, Colo.] :  |b [International Division, American Society for Engineering Education] 
300 |a 8 volumes ;  |c 26 cm. 
336 |a text  |b txt  |2 rdacontent 
337 |a unmediated  |b n  |2 rdamedia 
338 |a volume  |b nc  |2 rdacarrier 
362 0 |a v. 1- 8 Jan./Mar. 1972-1979. 
650 0 |a Engineering  |x Study and teaching. 
650 0 |a Technology  |x Social aspects. 
650 0 |a Engineering  |x Societies, etc. 
710 2 |a American Society for Engineering Education. 
999 |a MARS 
999 f f |s d03386bc-cee4-31df-9f78-81190ec08a88  |i b9271468-f90c-33e7-a768-7844cdafa8e3  |t 0 
952 f f |p ric  |a Texas A&M University  |b Rellis Campus  |c Joint Library Facility  |d Remote Storage  |t 0  |e T14.5 .T4  |h Library of Congress classification  |i unmediated -- volume  |k v.5  |l 1976  |m A14842104771 
952 f f |p ric  |a Texas A&M University  |b Rellis Campus  |c Joint Library Facility  |d Remote Storage  |t 0  |e T14.5 .T4  |h Library of Congress classification  |i unmediated -- volume  |k v.7-8  |l 1978-1979  |m A14842104847 
952 f f |p ric  |a Texas A&M University  |b Rellis Campus  |c Joint Library Facility  |d Remote Storage  |t 0  |e T14.5 .T4  |h Library of Congress classification  |i unmediated -- volume  |k v.4  |l 1975  |m A14842104789 
952 f f |p ric  |a Texas A&M University  |b Rellis Campus  |c Joint Library Facility  |d Remote Storage  |t 0  |e T14.5 .T4  |h Library of Congress classification  |i unmediated -- volume  |k v.6  |l 1977  |m A14842104763 
952 f f |p ric  |a Texas A&M University  |b Rellis Campus  |c Joint Library Facility  |d Remote Storage  |t 0  |e T14.5 .T4  |h Library of Congress classification  |i unmediated -- volume  |k v.3  |l 1974  |m A14842104797 
998 f f |a T14.5 .T4  |s v.3 (1974)-v.8 (1979)   |t 0  |l Remote Storage